| 000 | 00000nas##2200000za#4500 |
| 001 | 9.514063 |
| 003 | CaOODSP |
| 005 | 20210125140349 |
| 007 | ta |
| 008 | 150406c2008||||xxc|| p #||||f| |0fre|d |
| 022 | |a1926-1713 |
| 040 | |aCaOODSP|bfre |
| 043 | |an-cn--- |
| 086 | 1 |aCC171-11F |
| 110 | 2 |aCommission canadienne de sûreté nucléaire. |
| 245 | 10|aÉvaluation intégrée en matière de sûreté des centrales nucléaires au Canada par le personnel de la CCSN |
| 260 | |aOttawa - Ontario : |bCommission canadienne de sûreté nucléaire |
| 310 | |aAnnuel |
| 362 | 1 |a[2008]-- |
| 500 | |aFait suite à: Rapport annuel ... du personnel de la CCSN sur le rendement en matière de sûreté des centrales nucléaires au Canada (ISSN 1917-1129), 2003-2007. |
| 520 | 3 |aPrésente des conclusions sur le rendement en matière de sûreté à chacune des centrales nucléaires, soulève des observations de nature générique et dégage des tendances s’appliquant à l’ensemble des centrales nucléaires. |
| 775 | 08|tCNSC staff integrated safety assessment of Canadian nuclear power plants |w(CaOODSP)9.515741 |
| 776 | 0#|tÉvaluation intégrée en matière de sûreté des centrales nucléaires au Canada par le personnel de la CCSN pour ... |w(CaOODSP)9.502644 |